| 000 | 00464nam a2200181Ia 4500 | ||
|---|---|---|---|
| 003 | LK-CoDNM | ||
| 005 | 20240315135735.0 | ||
| 008 | 010623t1885 xxu||||| |||| 00| 1 sin d | ||
| 040 |
_aLK-CoDNM _dLK-CoDNM _eLK-CoDNM |
||
| 041 | _asin | ||
| 080 | _a104 FF33 | ||
| 100 | _aJayasuruya | ||
| 245 | _aගාථා දීපනිය | ||
| 246 | _aGaatha deepaniya | ||
| 260 |
_bLakmini pahana press _aColombo _c1885 |
||
| 300 |
_bDamaged _a10p.,15 cm |
||
| 942 | _cBK | ||
| 999 |
_c82631 _d82631 |
||